000 01230cam a22001934a 4500
005 20250605164029.0
008 250528s ||||||||||||||||||||||||d
035 _a16552
020 _a9607019253
040 _aGR-AtMCL
_bgre
_dGR-AtMCL
_eAACR2
245 1 _aΤο Παιχνίδι της Μουσικής
260 _bΕλληνικά Γράμματα,
_c1991
300 _a104
520 _aΤο παιδί από τα πρώτα του βήματα μπορεί να ανακαλύψει τους ορίζοντες που θα τον οδηγήσουν στην αισθητική. Βασική Βιβλιογραφία, Solfege According to the Kodaly - Concept Erzsebet Megyi, Μουσική και Ψυχολογία, Κονσέρτα για Νέους, Πλησιάζοντας τη Μουσική, Ο Κόσμος της Μουσικής, Λεξικό Συνθετών, Η Ιστορία της Μουσικής, La Musique a l'ecole, Μια Πρόταση για την Ανάπτυξη του Μουσικού Αισθητηρίου στα Παιδιά των Δημοτικών Σχολείων.
700 1 _aΣακελλαρίδης Γιώργος
_92651
942 _cBK
999 _c2044
_d2044